Los bufones de Dios
Saved in:
| Hovedforfatter: | |
|---|---|
| Format: | Bog |
| Sprog: | spansk |
| Udgivet: |
Buenos Aires
Javier Vergara Editor
1981
|
| Udgivelse: | 1a. ed |
| Fag: | |
| Tags: |
Tilføj Tag
Ingen Tags, Vær først til at tagge denne postø!
|
MARC
| LEADER | 00000cam a2200000 a 4500 | ||
|---|---|---|---|
| 001 | UCE9775 | ||
| 003 | CL-VaPUC | ||
| 008 | 151106e19810000ag |||||||||||||||||spa|d | ||
| 020 | |a 9501500632 | ||
| 082 | 0 | 4 | |a A823 |b WES |2 21 |
| 100 | 0 | |a West, Morris |e author |9 582707 | |
| 245 | 1 | 4 | |a Los bufones de Dios |
| 250 | |a 1a. ed | ||
| 300 | |a 552 p | ||
| 942 | |c BK | ||
| 945 | |d 20151106 14:16:00 |a dcastane | ||
| 260 | |a Buenos Aires |b Javier Vergara Editor |c 1981 | ||
| 650 | 0 | |a Novelas australianas |9 315909 | |
| 650 | 0 | |a Literatura australiana |9 353685 | |
| 583 | |a last modification |c 20151106 14:16:00 |k Rodrigo Vera | ||
| 999 | |c 361420 |d 361418 | ||
| 952 | |0 0 |1 0 |3 erb |4 0 |6 A_823_000000000000000_WES_1981 |7 0 |8 A |9 471931 |a BIBEDU |b BIBEDU |i 5210623 |l 2 |o A823 WES 1981 |p 5210623 |r 2024-04-01 |s 2024-04-01 |w 2019-11-24 |y BK |z Catalogado en:20151106 |k EDU | ||